000 00472nam a22001817a 4500
003 NUST-PNEC
005 20170114142544.0
008 140710b xxu||||| |||| 00| 0 eng d
040 _cPNEC
082 _a623.81 STO
100 _9141
_aStokoe, E.A.
245 _aReed's Naval architecture for marine engineers
_cE.A. Stokoe
250 _a1963
260 _aLondon
_bThomos and company
_cc.1975
300 _a377p. :
_bill. :
_c20 cm.
650 _xME/MIS
942 _2ddc
_cBK
999 _c60168
_d60168